La economía hondureña
Guardado en:
| Format: | Texto |
|---|---|
| Fag: | |
| Tags: |
Tilføj Tag
Ingen Tags, Vær først til at tagge denne postø!
|
MARC
| LEADER | 00000 a a2200000 04500 | ||
|---|---|---|---|
| 001 | 18123 | ||
| 003 | |||
| 040 | |||
| 245 | |a La economía hondureña | ||
| 650 | |a ECONOMIA | ||
| 650 | |a POLITICA | ||
| 650 | |a HONDURAS | ||
| 773 | |g volumen 7, número 41; páginas 646-647 | ||
| 999 | |c 36190 |d 36190 | ||
| 773 | 0 | |0 42391 |9 4188 |a Agencia Latinoamericana de Información, ALAI |d Quito, Ecuador: ALAI |o 03900 |t ALAI: |x 08275564 (Servicio mensual de información y documentación) | |
